000 00814nam a22002057a 4500
008 090130t xxu||||| |||| 00| 0 eng d
010 _aENG-92699
020 _c75.00
_a9788190792110
035 _aEN-76232
037 _bDBAD / PUB
040 _adpl
_bEnglish
082 _a382.0954
100 _aKumaraguru, S.
245 _aA text on India's trade before and after liberalisation /
_cby S. Kumaraguru
260 _aTamil Nadu
_bWisdom Publications
_c1999
270 _a59, Police Line, 6th Street, Panruti, Cuddlore
_bTamil Nadu
_e607106
300 _ai, 71p.
_c20cm (pbk)
942 _2ddc
_cEN
_mKUM
_h382.0954
999 _c22642
_d22642